[Event "Hampstead U2200"]
[Site "Hampstead, London"]
[Date "2013.09.29"]
[Round "5"]
[White "Haddock, Paul"]
[Black "Landau, Jonathan"]
[Result "1/2-1/2"]
[WhiteElo "1675"]
[BlackElo "1956"]
[EventType "swiss"]
[EventRounds "5"]

1. e4 e5 2. Nf3 Nc6 3. Bc4 Nf6 4. d3 Be7 5. O-O O-O 6. Nc3 d6 7. h3 Na5 8. Bb3
Nxb3 9. axb3 c6 10. Bg5 h6 11. Be3 a6 12. d4 Qc7 13. dxe5 dxe5 14. Qe2 Be6 15.
Rfd1 Rfd8 16. Rxd8+ Rxd8 17. Rd1 Nd7 18. Rd2 Bb4 19. Qd1 Re8 20. Nh2 Nf6 21.
Qf3 Kh7 22. Ng4 Nxg4 23. hxg4 g6 24. Rd1 Rd8 25. Re1 Qe7 26. g3 Kg7 27. Kg2
Bxc3 28. bxc3 g5 29. Qe2 Qd7 30. f3 Qc7 31. Qf2 Qd6 32. Qe2 Rd7 33. c4 Qb4 34.
Rd1 Qc3 35. Rxd7 Bxd7 36. Qd3 Qxd3 37. cxd3 Kg6 38. d4 exd4 39. Bxd4 h5 40.
gxh5+ Kxh5 41. b4 Be6 42. c5 Bc4 43. Kf2 Kg6 44. f4 gxf4 45. gxf4 f5 46. e5
Kf7 47. Ke3 Ke6 48. Bc3 Kd5 49. Bd2 Bf1 50. Bc3 Bh3 51. Bd2 Bg4 52. Bc3 Bh5
53. Kd3 Bf7 54. Bd2 a5 55. bxa5 Kxc5 56. Bc3 Bc4+ 57. Ke3 Bd5 58. Bd2 Kc4 59.
Be1 c5 60. Bd2 Be6 61. Be1 Kb3 62. Bd2 Kc2 63. Be1 Kd1 64. Bc3 Kc2 65. Be1 Kb3
66. Bd2 {#d} 1/2-1/2

[Event "Hampstead U2200"]
[Site "Hampstead, London"]
[Date "2013.09.29"]
[Round "5"]
[White "Verma, Aditya"]
[Black "Jekel, Wolfgang"]
[Result "0-1"]
[WhiteElo "1647"]
[BlackElo "1822"]
[EventType "swiss"]
[EventRounds "5"]

1. e4 d5 2. exd5 Qxd5 3. Nc3 Qd6 4. d4 c6 5. Nf3 Nf6 6. h3 Bf5 7. Bc4 e6 8.
O-O Be7 9. Qe2 Nd5 10. Nd1 Nd7 11. Bd3 Bxd3 12. Qxd3 b5 13. b3 O-O 14. Bb2 Bf6
15. Ne3 b4 16. Rad1 Nf4 17. Qd2 Ng6 18. Rfe1 a5 19. Nc4 Qc7 20. Qd3 Nf4 21.
Qe4 Nd5 22. Qd3 Rfd8 23. Qe4 h6 24. Qe2 g6 25. Ne3 Bg7 26. Nc4 Re8 27. Qd2
N7f6 28. Nfe5 Re7 29. Qc1 Kh7 30. Qd2 Nd7 31. Nf3 N5b6 32. Qd3 Nxc4 33. Qxc4
Nb6 34. Qc5 Rd7 35. c4 Rdd8 36. Bc1 Kg8 37. Be3 Nd7 38. Qe7 Bf6 39. Qxd8+ Rxd8
40. Bxh6 Bg7 41. Bg5 Bf6 42. Bh6 Kh7 43. Be3 Be7 44. Ng5+ Bxg5 45. Bxg5 Re8
46. d5 cxd5 47. cxd5 e5 {#R} 0-1

[Event "Hampstead U2200"]
[Site "Hampstead, London"]
[Date "2013.09.29"]
[Round "5"]
[White "Jina, Asha"]
[Black "Norman, Nigel"]
[Result "0-1"]
[WhiteElo "1570"]
[BlackElo "1758"]
[EventType "swiss"]
[EventRounds "5"]

1. e4 e6 2. d4 d5 3. Nc3 dxe4 4. Nxe4 Nd7 5. Nf3 Ngf6 6. Bg5 Be7 7. Nxf6+ Nxf6
8. Bb5+ Bd7 9. Bxd7+ Qxd7 10. Qd2 Ne4 11. Qe3 Nxg5 12. Nxg5 Bxg5 13. Qxg5 Qxd4
14. Qb5+ Qd7 15. Qxb7 O-O 16. b3 Rfb8 17. Qe4 Qb5 18. Qe2 Qa5+ 19. Qd2 Qe5+
20. Qe2 Qxa1+ 21. Qd1 Qxd1+ 22. Kxd1 Rd8+ 23. Ke2 Rd6 24. Rd1 Rad8 25. Rxd6
Rxd6 26. c4 c5 27. Ke3 Kf8 28. Ke4 f6 29. Ke3 Ke7 30. a3 Ra6 31. a4 Rb6 32. b4
Rxb4 33. Kd3 Rxa4 34. f3 Rb4 35. Kc3 a5 36. Kc2 a4 37. Kc1 a3 38. Kc2 a2 39.
Kc3 a1=Q+ {#R} 0-1

[Event "Hampstead U2200"]
[Site "Hampstead, London"]
[Date "2013.09.29"]
[Round "5"]
[White "Oliveri, Claudio"]
[Black "Larios, Rafael"]
[Result "1-0"]
[WhiteElo "1738"]
[BlackElo "1610"]
[EventType "swiss"]
[EventRounds "5"]

1. e4 c5 2. Nf3 g6 3. c3 Bg7 4. d4 cxd4 5. cxd4 Nc6 6. Nc3 d6 7. Be2 Nf6 8.
O-O O-O 9. Be3 Ng4 10. Bg5 f6 11. Bc4+ Kh8 12. Bd2 Nh6 13. Ne2 Bg4 14. Qb3
Bxf3 15. Qxf3 f5 16. Qh3 Ng8 17. Nf4 Rf6 18. exf5 gxf5 19. Ne6 Qd7 20. Ng5 Nh6
21. Rfe1 d5 22. Bd3 e6 23. Qh4 Rg8 24. Re3 Bf8 25. Nxh7 Rfg6 26. Nxf8 Rxf8 27.
Rh3 Qg7 28. Bxh6 Rxh6 29. Qxh6+ Qxh6 30. Rxh6+ Kg7 31. Rxe6 {#r} 1-0

[Event "Hampstead U2200"]
[Site "Hampstead, London"]
[Date "2013.09.29"]
[Round "5"]
[White "Sharkey, Brian"]
[Black "Jina, Taran"]
[Result "0-1"]
[WhiteElo "1634"]
[BlackElo "1690"]
[EventType "swiss"]
[EventRounds "5"]

1. d4 Nf6 2. c4 e6 3. Nf3 b6 4. g3 Ba6 5. b3 Bb7 6. Bg2 d5 7. O-O Bd6 8. Nc3
O-O 9. Bg5 Nbd7 10. cxd5 exd5 11. Qc2 h6 12. Bxf6 Nxf6 13. Nb5 Re8 14. e3 Ba6
15. Nxd6 Qxd6 16. Rfc1 Rac8 17. Qc6 Qxc6 18. Rxc6 Bb5 19. Rc2 Ne4 20. Ne5 c5
21. Rac1 f6 22. Ng6 Bd3 23. Bxe4 Bxe4 24. Nf4 Bxc2 25. Rxc2 cxd4 26. Rxc8 Rxc8
27. Nxd5 Rc1+ 28. Kg2 d3 {#R} 0-1

[Event "Hampstead U2200"]
[Site "Hampstead, London"]
[Date "2013.09.29"]
[Round "5"]
[White "Weaver, Lauren"]
[Black "Olutola, Taiwo"]
[Result "0-1"]
[WhiteElo "1512"]
[BlackElo "1459"]
[EventType "swiss"]
[EventRounds "5"]

1. d4 d5 2. c4 e6 3. Nf3 Nf6 4. Nc3 Be7 5. Bf4 c6 6. e3 O-O 7. Bd3 dxc4 8.
Bxc4 Bd6 9. Bg5 Be7 10. Qc2 Nbd7 11. Bd3 h6 12. h4 Nd5 13. Nxd5 exd5 14. Bf4
Bb4+ 15. Ke2 Nf6 16. Rh2 Bd6 17. Bxd6 Qxd6 18. Rg1 Bg4 19. Rgh1 Rfe8 20. Kd1
Rac8 21. Qa4 a6 22. Kc1 c5 23. Kb1 c4 24. Bc2 c3 25. Ne5 Be6 26. bxc3 Rxc3 27.
g4 Ra3 28. Bh7+ Kxh7 29. Qc2+ Kg8 30. g5 Ne4 31. Nc4 dxc4 32. Qxe4 Qd7 33. Qf4
Qb5+ 34. Ka1 Rxa2+ 35. Kxa2 c3+ 36. Ka1 Qb2# 0-1

[Event "Hampstead U2200"]
[Site "Hampstead, London"]
[Date "2013.09.29"]
[Round "5"]
[White "Zhao, Haolin"]
[Black "Sanitt, Leo"]
[Result "1/2-1/2"]
[WhiteElo "1263"]
[BlackElo "1626"]
[EventType "swiss"]
[EventRounds "5"]

1. e4 d5 2. exd5 Qxd5 3. Nc3 Qd6 4. Nf3 c6 5. Be2 Bf5 6. O-O Nf6 7. d4 Qc7 8.
Be3 e6 9. Qd2 Bd6 10. h3 O-O 11. Bd3 Bxd3 12. Qxd3 Nbd7 13. Rfe1 c5 14. dxc5
Bxc5 15. Bxc5 Nxc5 16. Qe2 a6 17. Rad1 Rfd8 18. Rd2 Rxd2 19. Qxd2 Rd8 20. Qe2
Ncd7 21. Rd1 Nb8 22. Rxd8+ Qxd8 23. Qd2 Qxd2 24. Nxd2 Nc6 25. Nce4 Nxe4 26.
Nxe4 Nb4 27. Nc5 b6 28. Nd7 b5 29. Nc5 a5 30. Nb7 Nc6 31. Kf1 Kf8 32. c3 Ke7
33. Ke2 Kd7 34. Kd3 Kc7 35. Nc5 Kd6 36. Ne4+ Kd5 37. f4 f6 38. Nd2 e5 39. g3
f5 40. fxe5 Nxe5+ 41. Ke3 g5 42. b3 b4 43. c4+ Kc5 {#d} 1/2-1/2

[Event "Hampstead U2200"]
[Site "Hampstead, London"]
[Date "2013.09.29"]
[Round "5"]
[White "Millward, David J"]
[Black "Mitchell, Robert"]
[Result "1/2-1/2"]
[WhiteElo "1928"]
[BlackElo "1690"]
[EventType "swiss"]
[EventRounds "5"]

1. e4 d6 2. d4 Nf6 3. Bd3 c6 4. Nf3 Bg4 5. Nbd2 e6 6. c3 Be7 7. h3 Bxf3 8.
Nxf3 O-O 9. O-O Qc7 10. Qc2 e5 11. Be3 Re8 12. Rfe1 Nbd7 13. Rad1 a6 14. dxe5
dxe5 15. a3 b5 16. b4 Bf8 17. c4 Rac8 18. Rc1 Qb7 19. cxb5 cxb5 20. Qb1 Rxc1
21. Rxc1 Rc8 22. Rxc8 Qxc8 23. Qc2 Qxc2 24. Bxc2 Bd6 25. Nd2 Kf8 26. Kf1 Ke7
27. Ke2 Ne8 28. Nb3 Nc7 29. g3 Ne6 30. Kd3 f6 31. Na5 Nb8 32. Bb3 Bc7 33. Nb7
Nd7 34. Bd5 Bb6 35. Bxb6 Nxb6 36. Bxe6 Kxe6 37. Nc5+ Kd6 38. Nxa6 Kc6 39. Kc3
Na4+ 40. Kb3 Kb6 41. Nb8 Kc7 42. Na6+ Kb6 43. Nb8 {#d} 1/2-1/2

[Event "Hampstead U2200"]
[Site "Hampstead, London"]
[Date "2013.09.29"]
[Round "5"]
[White "Miu, Marinel"]
[Black "Byrne, Ken J"]
[Result "1-0"]
[WhiteElo "1706"]
[BlackElo "1194"]
[EventType "swiss"]
[EventRounds "5"]

1. d4 g6 2. e4 Bg7 3. f4 e6 4. Nf3 Ne7 5. c4 d6 6. Nc3 a6 7. Be2 O-O 8. O-O
Nd7 9. e5 Nb6 10. Be3 d5 11. c5 Nc4 12. Bc1 b6 13. b3 Na5 14. Na4 b5 15. Nb2
Nf5 16. Qe1 Nc6 17. Qf2 f6 18. g4 Nh6 19. Qg3 Ne7 20. Bd2 c6 21. h3 Nf7 22.
Bd3 f5 23. g5 a5 24. a3 Bb7 25. Qe1 a4 26. bxa4 bxa4 27. Bc2 Ba6 28. Rf2 Bb5
29. Qd1 Nc8 30. Nxa4 h6 31. h4 hxg5 32. hxg5 Nh6 33. gxh6 Bxh6 34. Ng5 Kg7 35.
Nxe6+ {#r} 1-0

[Event "Hampstead U2200"]
[Site "Hampstead, London"]
[Date "2013.09.29"]
[Round "5"]
[White "Lovell, William"]
[Black "Karia, Kamlesh"]
[Result "0-1"]
[WhiteElo "1503"]
[BlackElo "1602"]
[EventType "swiss"]
[EventRounds "5"]

1. e4 e5 2. Nf3 Nc6 3. d4 exd4 4. Bc4 Bc5 5. c3 d3 6. Qxd3 d6 7. O-O Nf6 8.
Bg5 h6 9. Bh4 g5 10. Bg3 Nh5 11. Kh1 Nf4 12. Bxf4 gxf4 13. b4 Bb6 14. a4 a6
15. Kg1 Bg4 16. h3 h5 17. Nbd2 Qe7 18. Rfe1 O-O-O 19. b5 Ne5 20. Nxe5 dxe5 21.
Qc2 Bxh3 22. Bf1 Bxf2+ 23. Kxf2 Qc5+ 24. Ke2 Bg4+ 25. Nf3 Qe3# 0-1

[Event "Hampstead U2200"]
[Site "Hampstead, London"]
[Date "2013.09.29"]
[Round "5"]
[White "Jefferies, Tyrone"]
[Black "Pollack, Oscar"]
[Result "0-1"]
[WhiteElo "1594"]
[BlackElo "1122"]
[EventType "swiss"]
[EventRounds "5"]

1. e4 e6 2. Nc3 d5 3. d4 Bb4 4. Qg4 Bxc3+ 5. bxc3 Nf6 6. Qxg7 Rg8 7. Qh6 dxe4
8. Bb5+ Bd7 9. a4 a6 10. Be2 Nc6 11. Nh3 Qe7 12. Ba3 Qd8 13. O-O e5 14. Rfd1
exd4 15. cxd4 Bxh3 16. Qxh3 Qd7 17. Qxd7+ Nxd7 18. d5 Nce5 19. Rab1 Rb8 20. d6
c6 21. Rd4 f5 22. Rdb4 b5 23. axb5 cxb5 24. Bb2 Rc8 25. Bxe5 Nxe5 26. R1b2 Kd7
27. Rd4 Rc6 28. Rd5 Ke6 29. Rd1 Rxd6 30. Rxd6+ Kxd6 31. Ra2 Ra8 32. Bxb5 a5
33. Kf1 Kc5 34. Be2 Nc6 35. Rb2 a4 36. Rb5+ Kd4 37. c3+ Kxc3 38. Rc5+ Kb2 39.
Rxc6 a3 40. Bc4 Rd8 41. Rb6+ Kc3 42. Rb3+ Kxc4 43. Rxa3 Kd4 44. Ke2 f4 45. f3
Rg8 46. Ra4+ Kc5 47. fxe4 Rxg2+ 48. Kf3 Rxh2 49. Kxf4 h6 50. Kf5 Kd6 51. Ra6+
Ke7 52. Kg6 h5 53. e5 h4 54. e6 h3 55. Kf5 Rh1 56. Ra7+ Ke8 57. Kf6 Rf1+ 58.
Kg7 h2 59. Ra8+ Ke7 60. Ra7+ Kxe6 61. Ra6+ Kd5 62. Ra5+ Kc6 {#R} 0-1

[Event "Hampstead U2200"]
[Site "Hampstead, London"]
[Date "2013.09.29"]
[Round "5"]
[White "Tomy, Jeff"]
[Black "Winter, Malcolm J"]
[Result "0-1"]
[WhiteElo "1378"]
[BlackElo "1562"]
[EventType "swiss"]
[EventRounds "5"]

1. e4 c6 2. d4 d5 3. f3 e6 4. Nc3 Ne7 5. Bf4 Ng6 6. Bg3 Qb6 7. Rb1 Be7 8. Bd3
Qxd4 9. Bf2 Qf6 10. g4 Bb4 11. exd5 Bxc3+ 12. bxc3 Qxc3+ 13. Qd2 Qxd2+ 14.
Kxd2 cxd5 15. Bd4 O-O 16. Bxg6 hxg6 17. h4 Nc6 18. Bc3 d4 19. Bb2 b6 20. h5
gxh5 21. gxh5 Bb7 22. h6 gxh6 23. Rxh6 Kg7 24. Rh4 f5 25. Bxd4+ Nxd4 26. Rxd4
Rad8 27. Rxd8 Rxd8+ 28. Kc3 Kf6 29. Rb3 Rc8+ 30. Kb2 e5 31. Ra3 a5 32. Rb3 Rc6
33. c4 Ba6 34. c5 bxc5 35. Ra3 c4 36. Rxa5 c3+ 37. Kc2 e4 38. fxe4 fxe4 39. a3
Bd3+ 40. Kc1 Rb6 41. Ra6 Rxa6 42. Kd1 Rxa3 43. Ke1 Ra1+ 44. Kf2 Rxg1 45. Kxg1
c2 46. Kf2 c1=Q 47. Kg3 Qe1+ 48. Kg4 Qf1 49. Kh5 Be2+ 50. Kh4 Qf4+ 51. Kh3
Bf1# 0-1

[Event "Hampstead U2200"]
[Site "Hampstead, London"]
[Date "2013.09.29"]
[Round "5"]
[White "Gergelova, Monika"]
[Black "Purvis, Anna"]
[Result "0-1"]
[WhiteElo "1297"]
[BlackElo "1509"]
[EventType "swiss"]
[EventRounds "5"]

1. d4 d5 2. e3 c6 3. Bd3 Nf6 4. Nf3 Bg4 5. Nbd2 e6 6. b3 Bd6 7. Bb2 O-O 8. O-O
Nbd7 9. h3 Bh5 10. c4 dxc4 11. bxc4 Bb4 12. Ne4 Nxe4 13. Bxe4 Nf6 14. Bd3 Bd6
15. c5 Bc7 16. Ba3 Qd7 17. Rb1 Rab8 18. Bb4 Rfd8 19. Qe2 e5 20. dxe5 Qxd3 21.
Qxd3 Rxd3 22. exf6 Bxf3 23. gxf3 gxf6 24. Rfd1 Rbd8 25. Rxd3 Rxd3 26. f4 b6
27. Rb3 Rxb3 28. axb3 bxc5 29. Bxc5 Bb6 30. Ba3 c5 31. Kf1 Kf8 32. Ke2 Ke7 33.
f5 Kd6 34. Kd3 Ke5 35. e4 Kf4 36. Bb2 Bd8 37. Ba3 Bb6 38. Bb2 Bd8 39. Ba3 Be7
40. Bc1+ Ke5 41. f4+ Kd6 42. Kc4 Kc6 43. Be3 Bd6 44. Bd2 Bc7 45. b4 cxb4 46.
Kxb4 Kb6 47. Be3+ Kc6 48. Bxa7 Bxf4 49. Bd4 Bd6+ 50. Kc4 Be7 51. e5 fxe5 52.
Bxe5 Bd6 53. Kd4 Bc5+ 54. Ke4 Be7 55. f6 Bb4 56. Kf5 Kd5 57. h4 Be1 58. h5 Bd2
59. Bf4 Bxf4 60. Kxf4 h6 61. Kf5 Kd6 62. Kg4 Ke6 63. Kf4 Kxf6 64. Kg4 Ke5 65.
Kf3 Kf5 {#R} 0-1